| 000 | 00410cam a22001097a 4500 | ||
|---|---|---|---|
| 008 | 180718b1977 xxu||||| |||| 00| 0 eng d | ||
| 082 | _aF28x54 In2 | ||
| 245 |
_aWhite paper on misuse of mass media during the internal emergency _cby Ministry of Information and Broadcasting |
||
| 260 |
_aDelhi _bThe Controller of Publications _c1977 |
||
| 300 | _a105+p. | ||
| 700 | _aIndia. Ministry of Information and Broadcasting | ||
| 999 |
_c490265 _d490265 |
||